| 000 | 00000nam##2200000za#4500 |
| 001 | 9.571805 |
| 003 | CaOODSP |
| 005 | 20210624182916 |
| 007 | cr ||||||||||| |
| 008 | 150406|2000||||xxc|||||o f|0| 0 eng|d |
| 040 | |aCaOODSP|beng |
| 043 | |an-cn--- |
| 086 | 1 |aNH18-24/28EE-PDF |
| 110 | 2 |aCanada Mortgage and Housing Corporation. |
| 245 | 10|aBefore you start renovating your bathroom |h[electronic resource] |
| 260 | |aOttawa - Ontario : |bCanada Mortgage and Housing Corporation |cc2000. |
| 300 | |a6p.|bfig., table |
| 490 | 1 |aAbout your house |vCE28e |
| 590 | |a11-23-Supp|b2011-10-17 |
| 775 | 08|tAvant de rénover votre salle de bains |w(CaOODSP)9.602228 |
| 776 | 0#|tBefore your start renovating your bathroom |w(CaOODSP)9.615714 |
| 830 | #0|aAbout your house ;|vCE28e|w(CaOODSP)9.505388 |
| 856 | 40|ahttp://publications.gc.ca|qPDF|s111 KB|uhttps://publications.gc.ca/collections/Collection/NH18-24-28EE.pdf|yCE28e |